[Event "Rilton Cup 2013-14"]
[Site "Stockholm SWE"]
[Date "2014.01.01"]
[Round "5.30"]
[White "Lochte, Thomas"]
[Black "Adler, Bo"]
[Result "1-0"]
[WhiteElo "2110"]
[BlackElo "2168"]
[WhiteFideId "4606272"]
[BlackFideId "1702149"]
[EventDate "2013.12.27"]

1. e4 e5 2. Nf3 Nc6 3. d4 exd4 4. c3 d5 5. exd5 Qxd5 6. cxd4 Nf6 7. Nc3 Bb4 8.
Be2 O-O 9. O-O Bxc3 10. bxc3 Na5 11. Ne5 Bf5 12. c4 Qd6 13. c5 Qd5 14. Qa4 Nc6
15. Bc4 Qe4 16. Nxc6 bxc6 17. Bg5 Kh8 18. Rad1 Bh3 19. gxh3 Qg6 20. f4 Ne4 21.
Qc2 h6 22. Qg2 hxg5 23. f5 Qh5 24. Qxe4 Qxh3 25. Rd3 Qh5 26. Qg2 1-0

[Event "Rilton Cup 2013-14"]
[Site "Stockholm SWE"]
[Date "2014.01.01"]
[Round "5.31"]
[White "Kassani, Sam"]
[Black "Gamback, Bjorn"]
[Result "1-0"]
[WhiteElo "2095"]
[BlackElo "2142"]
[WhiteFideId "1709089"]
[BlackFideId "1703161"]
[EventDate "2013.12.27"]

1. Nf3 Nf6 2. e3 c5 3. b3 b6 4. Bb2 Bb7 5. d4 e6 6. Nbd2 Be7 7. Bd3 cxd4 8. exd4
Qc7 9. O-O d6 10. Re1 Nbd7 11. c4 O-O 12. Rc1 Rac8 13. Nf1 Rfe8 14. Ng3 Bf8 15.
Ng5 Qb8 16. Nh5 h6 17. Ne4 Nxh5 18. Qxh5 Bxe4 19. Bxe4 Nf6 20. Qf3 Nxe4 21. Qxe4
Qa8 22. Qg4 d5 23. Re3 Qb7 24. Rh3 Kh7 25. Rcc3 f5 26. Qe2 Qa6 27. Bc1 dxc4 28.
bxc4 Rcd8 29. Rcg3 Rxd4 30. Bxh6 Kg8 31. Bxg7 Rg4 32. Bxf8 Rxg3 33. hxg3 Kxf8
34. Qe5 Qxc4 35. Qf6+ Kg8 36. Rh8# 1-0

[Event "Rilton Cup 2013-14"]
[Site "Stockholm SWE"]
[Date "2014.01.01"]
[Round "5.32"]
[White "Marzano, Carlo"]
[Black "Aroven, Mikael"]
[Result "0-1"]
[WhiteElo "2166"]
[BlackElo "2045"]
[WhiteFideId "802980"]
[BlackFideId "1709534"]
[EventDate "2013.12.27"]

1. e4 c5 2. Nf3 g6 3. c3 Bg7 4. d4 cxd4 5. cxd4 d5 6. e5 Bg4 7. Bb5+ Nc6 8.
Bxc6+ bxc6 9. Nbd2 f6 10. exf6 Nxf6 11. O-O O-O 12. Qa4 c5 13. dxc5 Qc7 14. h3
Bxf3 15. Nxf3 Ne4 16. Nd4 Rf6 17. b4 Rxf2 18. Qb3 Rxf1+ 19. Kxf1 Rf8+ 20. Ke1
Qe5 21. Be3 Qg3+ 22. Ke2 Qxg2+ 23. Kd3 Nf2+ 24. Ke2 Ng4+ 25. Kd3 Nxe3 0-1

[Event "Rilton Cup 2013-14"]
[Site "Stockholm SWE"]
[Date "2014.01.01"]
[Round "5.33"]
[White "Jacobsen, Bo"]
[Black "Cederstam-Barsk, Carl"]
[Result "0-1"]
[WhiteElo "2302"]
[BlackElo "2256"]
[WhiteFideId "1400738"]
[BlackFideId "1713329"]
[EventDate "2013.12.27"]

1. c4 e5 2. g3 d6 3. Bg2 f5 4. d4 Be7 5. dxe5 dxe5 6. Qxd8+ Bxd8 7. e4 Nc6 8.
Na3 Nf6 9. exf5 Bxf5 10. Nf3 Be7 11. Bd2 O-O-O 0-1

[Event "Rilton Cup 2013-14"]
[Site "Stockholm SWE"]
[Date "2014.01.02"]
[Round "6.1"]
[White "Hammer, Jon Ludvig"]
[Black "Goganov, Aleksey"]
[Result "1-0"]
[WhiteTitle "GM"]
[BlackTitle "GM"]
[WhiteElo "2612"]
[BlackElo "2581"]
[WhiteFideId "1503707"]
[BlackFideId "24109959"]
[EventDate "2013.12.27"]

1. Nf3 Nf6 2. g3 c5 3. Bg2 g6 4. c4 Bg7 5. d4 cxd4 6. Nxd4 O-O 7. Nc3 Nc6 8. O-O
Qa5 9. Nb3 Qh5 10. c5 a5 11. e3 a4 12. Qxh5 Nxh5 13. Nd4 Nxd4 14. exd4 Bxd4 15.
Nd5 e6 16. Be3 Bxe3 17. Nxe3 Ra5 18. Rfc1 Rb5 19. Bf1 Rxb2 20. Nc4 Rb4 21. Nd6
Ng7 22. Rab1 Rxb1 23. Rxb1 Nf5 24. Rb5 Kg7 25. Bd3 Kf6 26. Bxf5 exf5 27. Ra5 Ke5
28. Rxa4 Kd5 29. Ra8 Kxc5 30. Rxc8+ Rxc8 31. Nxc8 b5 32. Kf1 Kc6 33. Ke2 Kc7 34.
Ne7 Kd6 35. Ng8 Ke5 36. Ke3 h5 37. f4+ Ke6 38. Kd4 1-0

[Event "Rilton Cup 2013-14"]
[Site "Stockholm SWE"]
[Date "2014.01.02"]
[Round "6.2"]
[White "Krasenkow, Michal"]
[Black "Grandelius, Nils"]
[Result "1/2-1/2"]
[WhiteTitle "GM"]
[BlackTitle "GM"]
[WhiteElo "2633"]
[BlackElo "2576"]
[WhiteFideId "1113100"]
[BlackFideId "1710400"]
[EventDate "2013.12.27"]

1. d4 Nf6 2. c4 e6 3. Nf3 d5 4. Bg5 h6 5. Bxf6 Qxf6 6. e3 Bb4+ 7. Nbd2 O-O 8.
Rc1 dxc4 9. Rxc4 c5 10. Bd3 Bd7 11. a3 Bxd2+ 12. Qxd2 cxd4 13. Rxd4 e5 14. Rd6
Qe7 15. Rd5 Be6 16. Rxe5 Nc6 17. Re4 Rfd8 18. O-O Qd7 19. Nd4 Bd5 20. Rh4 Qe7
21. Rg4 Nxd4 22. exd4 Rd6 23. Qf4 Rad8 24. h4 Bc6 25. Qg3 Qf6 26. Rd1 R8d7 27.
Re1 Kf8 28. Rf4 Qd8 29. Bf5 Re7 30. Re3 Rxd4 31. Rxd4 Qxd4 32. Qb8+ Re8 33.
Rxe8+ Bxe8 34. Qxb7 Qd1+ 35. Kh2 Qd6+ 36. g3 Qf6 37. Qb4+ Kg8 38. Qc5 Bc6 39.
Bg4 g6 40. h5 gxh5 41. Bxh5 a5 42. b4 axb4 43. axb4 Kg7 44. b5 Bb7 45. Be2 Qa1
46. f3 Qb2 47. Qe3 Bd5 48. Kg1 Qa1+ 49. Kf2 Qb2 50. f4 f6 51. b6 Bc4 52. Qe7+
Bf7 53. Qc5 Be6 54. f5 Bf7 55. Qb5 Qd4+ 56. Kf1 Bd5 57. Qd3 Qc5 58. Qd2 Bc6 59.
Qd8 Qxf5+ 60. Ke1 Qa5+ 61. Kf1 Qf5+ 1/2-1/2

[Event "Rilton Cup 2013-14"]
[Site "Stockholm SWE"]
[Date "2014.01.02"]
[Round "6.3"]
[White "Urkedal, Frode"]
[Black "Piorun, Kacper"]
[Result "0-1"]
[WhiteTitle "IM"]
[BlackTitle "GM"]
[WhiteElo "2492"]
[BlackElo "2560"]
[WhiteFideId "1506102"]
[BlackFideId "1130420"]
[EventDate "2013.12.27"]

1. Nf3 c5 2. c4 g6 3. Nc3 Bg7 4. g3 Nc6 5. Bg2 d6 6. O-O Bf5 7. d3 Qd7 8. Re1
Nf6 9. a3 O-O 10. Rb1 a5 11. Bg5 Rab8 12. Qd2 Ne8 13. Bh6 Nc7 14. a4 e5 15. Rbd1
Bg4 16. Nb5 f5 17. Bxg7 Kxg7 18. Nxc7 Qxc7 19. Ng5 Rbe8 20. h3 Bh5 21. Bd5 Nd4
22. f3 Qe7 23. g4 Nb3 24. Qc3 Qxg5 25. Qxb3 fxg4 26. fxg4 Qe3+ 27. Kh2 e4 28.
Qc3+ Re5 29. Bxe4 Bxg4 30. hxg4 Rf2+ 31. Bg2 Qf4+ 32. Kh3 h5 33. gxh5 g5 0-1

[Event "Rilton Cup 2013-14"]
[Site "Stockholm SWE"]
[Date "2014.01.02"]
[Round "6.4"]
[White "Socko, Bartosz"]
[Black "Hansen, Torbjorn Ringdal"]
[Result "1-0"]
[WhiteTitle "GM"]
[BlackTitle "IM"]
[WhiteElo "2657"]
[BlackElo "2473"]
[WhiteFideId "1107038"]
[BlackFideId "1501720"]
[EventDate "2013.12.27"]

1. d4 Nf6 2. c4 e6 3. Nf3 Bb4+ 4. Bd2 Qe7 5. g3 Nc6 6. Nc3 Bxc3 7. Bxc3 Ne4 8.
Rc1 O-O 9. Bg2 d6 10. d5 Nxc3 11. Rxc3 Nd8 12. O-O e5 13. c5 dxc5 14. Qc2 c6 15.
Rxc5 Bf5 16. Qc3 Re8 17. Rd1 cxd5 18. Rdxd5 f6 19. Rc7 Qf8 20. Nh4 Be6 21. Rd1
Re7 22. Bd5 g6 23. Ng2 Bxd5 24. Rxd5 Ne6 25. Rxe7 Qxe7 26. Ne3 Kg7 27. Qa3 Qf7
28. Qa4 Nf8 29. Rd6 Qe7 30. Qa3 Nd7 31. Nd5 Qf7 32. Qa4 Nc5 33. Qb5 Rc8 34. b4
a6 35. Qc4 b5 36. Qxc5 Rxc5 37. bxc5 Qa7 38. c6 Qc5 39. Rd7+ Kh6 40. c7 Qc1+ 41.
Kg2 Qc4 42. Nxf6 Kg5 43. Rf7 Qxf7 44. Ne4+ 1-0

[Event "Rilton Cup 2013-14"]
[Site "Stockholm SWE"]
[Date "2014.01.02"]
[Round "6.6"]
[White "Eggleston, David J"]
[Black "Volkov, Sergey"]
[Result "0-1"]
[WhiteTitle "FM"]
[BlackTitle "GM"]
[WhiteElo "2434"]
[BlackElo "2623"]
[WhiteFideId "412120"]
[BlackFideId "4122763"]
[EventDate "2013.12.27"]

1. e4 e6 2. d4 d5 3. Nc3 Nf6 4. e5 Nfd7 5. f4 c5 6. Nf3 Nc6 7. Be3 Be7 8. Qd2
O-O 9. Be2 b6 10. O-O Bb7 11. Rad1 Rc8 12. a3 g6 13. Qe1 Kh8 14. Kh1 a6 15. dxc5
bxc5 16. Na4 Qa5 17. Qxa5 Nxa5 18. b3 Bc6 19. Bd2 Nc4 20. bxc4 Bxa4 21. cxd5
exd5 22. Ba5 d4 23. Rc1 Bb5 24. c4 dxc3 25. Rfe1 c4 26. Bxc3 Kg8 27. Nd4 Bxa3
28. Rb1 Rb8 29. e6 fxe6 30. Bg4 Nc5 31. Ra1 Bd7 32. Rxa3 Nd3 33. h3 Nxe1 34.
Bxe1 Rb1 35. Nc2 Rfb8 36. Rc3 h5 37. Bf3 Ba4 38. Kh2 Bxc2 39. Bg3 Bd3 40. f5
gxf5 41. Bxb8 Rxb8 42. Ra3 h4 43. Rxa6 c3 0-1

[Event "Rilton Cup 2013-14"]
[Site "Stockholm SWE"]
[Date "2014.01.02"]
[Round "6.8"]
[White "Sagit, Rauan"]
[Black "Lintchevski, Daniil"]
[Result "0-1"]
[WhiteTitle "FM"]
[BlackTitle "GM"]
[WhiteElo "2369"]
[BlackElo "2541"]
[WhiteFideId "1708376"]
[BlackFideId "4171055"]
[EventDate "2013.12.27"]

1. e4 c6 2. d4 d5 3. Nc3 dxe4 4. Nxe4 Bf5 5. Ng3 Bg6 6. h4 h6 7. Nf3 e6 8. h5
Bh7 9. Bd3 Bxd3 10. Qxd3 Nf6 11. Bd2 Be7 12. O-O-O O-O 13. Kb1 c5 14. Ne4 cxd4
15. Nxd4 Qb6 16. Nb3 Nbd7 17. g4 Qc6 18. Nxf6+ Nxf6 19. Na5 Qc7 20. f3 Rac8 21.
Rc1 Rfd8 22. Qe2 Nd5 23. Nb3 Bf6 24. Rhf1 Be5 25. Qe4 Bf4 26. Rfd1 Bxd2 27. Rxd2
b5 28. Rcd1 b4 29. f4 a5 30. g5 a4 31. Nc1 hxg5 32. fxg5 a3 33. Ne2 axb2 34.
Kxb2 Rd6 35. Qd4 Nb6 36. Qxd6 Nc4+ 37. Ka1 Nxd6 38. Rxd6 Kf8 39. R1d2 Qa5 40. g6
Ra8 41. Nc1 Qxh5 42. gxf7 Kxf7 43. Rd7+ Kg8 44. Kb1 Rf8 45. Rg2 Rf7 46. Rd8+ Kh7
47. Rdd2 Qb5 48. Rh2+ Kg8 49. Rd8+ Rf8 50. Rxf8+ Kxf8 51. Nd3 g5 52. Rg2 Ke7 53.
Kc1 Qd5 54. Ne1 Kf6 55. Rf2+ Kg6 56. Nd3 Qxa2 57. Kd1 Qa1+ 58. Ke2 Qc3 59. Ke3
e5 60. Rf1 Qd4+ 61. Ke2 e4 62. Ne1 Qc4+ 63. Kf2 e3+ 64. Kg1 Qe2 65. Ng2 Qxc2 66.
Nxe3 Qe2 67. Nd1 b3 0-1

[Event "Rilton Cup 2013-14"]
[Site "Stockholm SWE"]
[Date "2014.01.02"]
[Round "6.9"]
[White "Cramling, Pia"]
[Black "Luukkonen, Tommi"]
[Result "1-0"]
[WhiteTitle "GM"]
[BlackTitle "FM"]
[WhiteElo "2525"]
[BlackElo "2285"]
[WhiteFideId "1700030"]
[BlackFideId "501808"]
[EventDate "2013.12.27"]

1. Nf3 Nf6 2. c4 g6 3. Nc3 Bg7 4. e4 O-O 5. d4 d6 6. h3 Na6 7. Bg5 Qe8 8. g4 e5
9. d5 Nd7 10. Rg1 Ndc5 11. a3 Bd7 12. b4 Na4 13. Nb5 Nb6 14. Qb3 Kh8 15. O-O-O
f5 16. gxf5 gxf5 17. Be3 fxe4 18. Ng5 Rf4 19. Qc2 Rh4 20. Be2 h6 21. Nxe4 Bf5
22. Bg4 Bh7 23. f3 Qf8 24. c5 dxc5 25. bxc5 Nd7 26. Qf2 Qe7 27. Bxd7 Rf8 28.
Rxg7 Kxg7 29. Qg3+ Kh8 30. d6 cxd6 31. cxd6 Qxd7 32. Qxe5+ Qg7 33. Bd4 Qxe5 34.
Bxe5+ Kg8 35. Rg1+ Kf7 36. Rg7+ Ke6 37. Re7+ Kd5 38. Nec3+ Kc4 39. Rxh7 Rxh3 40.
Rxb7 Rg8 41. d7 1-0

[Event "Rilton Cup 2013-14"]
[Site "Stockholm SWE"]
[Date "2014.01.02"]
[Round "6.10"]
[White "Krupenski, Juri"]
[Black "Tikkanen, Hans"]
[Result "0-1"]
[WhiteTitle "FM"]
[BlackTitle "GM"]
[WhiteElo "2300"]
[BlackElo "2548"]
[WhiteFideId "4501101"]
[BlackFideId "1706446"]
[EventDate "2013.12.27"]

1. d4 d5 2. c4 c6 3. Nf3 Nf6 4. Nbd2 g6 5. g3 Bg7 6. Bg2 O-O 7. O-O a5 8. b3 b5
9. Bb2 Ba6 10. Qc2 Nbd7 11. Rfe1 bxc4 12. bxc4 c5 13. e4 dxe4 14. Nxe4 Nxe4 15.
Rxe4 Rb8 16. Ba3 Bb7 17. Re2 Bxf3 18. Bxf3 Bxd4 19. Rd1 Qb6 20. Rxe7 Ne5 21. Bd5
Qf6 22. Rc7 Ng4 23. Rf1 Qe5 24. Bxc5 Bxf2+ 25. Bxf2 Qxc7 26. Bd4 Rbe8 27. Qd2 h5
28. Rf4 Qe7 29. Re4 Qxe4 30. Bxe4 Rxe4 31. Bc3 Rxc4 32. h3 Rfc8 33. Bb2 Ne5 34.
Qd6 Nf3+ 35. Kf1 R4c6 36. Qd1 Rc2 37. Qd7 Rb8 0-1

[Event "Rilton Cup 2013-14"]
[Site "Stockholm SWE"]
[Date "2014.01.02"]
[Round "6.11"]
[White "Semcesen, Daniel"]
[Black "Poley, Vladimir"]
[Result "1-0"]
[WhiteTitle "IM"]
[BlackTitle "IM"]
[WhiteElo "2488"]
[BlackElo "2300"]
[WhiteFideId "1706993"]
[BlackFideId "13500090"]
[EventDate "2013.12.27"]

1. d4 g6 2. c4 Bg7 3. Nf3 Nf6 4. Nc3 O-O 5. e4 c6 6. Bd3 d5 7. e5 Ne8 8. O-O Nc7
9. h3 f6 10. Re1 Be6 11. cxd5 cxd5 12. exf6 exf6 13. Qb3 b6 14. Bf4 Bf7 15. Bxc7
Qxc7 16. Nxd5 Qd7 17. Ne7+ Qxe7 18. Rxe7 Bxb3 19. Be4 Nc6 20. Bxc6 Rac8 21. d5
Bc4 22. b3 Ba6 23. Rxa7 f5 24. Re1 Bd3 25. Ree7 Bf6 26. Rxh7 Rfd8 27. Rhf7 Rd6
28. Rxf6 Rxf6 29. Ne5 Bc2 30. f3 g5 31. Kf2 f4 32. Ke2 Bf5 33. a4 Bc2 34. b4 Bf5
35. b5 Rd6 36. Nc4 Rdd8 37. Nxb6 Rb8 38. a5 Kf8 39. Kd2 Kg8 40. Kc3 Kh8 41. Kd4
Bc2 42. Re7 Bb3 43. Re2 Kg7 44. Kc3 Bxd5 45. Nxd5 Rxd5 46. Bxd5 Rxb5 47. Ra2
Rxd5 48. a6 Rd8 49. a7 Ra8 50. Kd4 Kg6 51. Kc5 1-0

[Event "Rilton Cup 2013-14"]
[Site "Stockholm SWE"]
[Date "2014.01.02"]
[Round "6.12"]
[White "Bellon Lopez, Juan Manuel"]
[Black "Akesson, Ralf"]
[Result "1/2-1/2"]
[WhiteTitle "GM"]
[BlackTitle "GM"]
[WhiteElo "2382"]
[BlackElo "2448"]
[WhiteFideId "2200031"]
[BlackFideId "1700120"]
[EventDate "2013.12.27"]

1. d4 e6 2. Nf3 c5 3. e3 Nf6 4. Bd3 b6 5. O-O Bb7 6. c4 d6 7. b3 Be7 8. Bb2 Nbd7
9. Nbd2 O-O 10. Ng5 h6 11. Nge4 cxd4 12. exd4 Nxe4 13. Bxe4 d5 14. cxd5 Nf6 15.
d6 Nxe4 16. dxe7 Qxe7 17. Nxe4 Bxe4 18. f3 Bd5 19. Rc1 a5 20. Rc3 a4 21. bxa4
Qb4 22. Qd2 Rxa4 23. a3 Qxd4+ 24. Qxd4 Rxd4 25. Rb3 Bxb3 26. Bxd4 b5 27. Rb1 Ba4
28. Kf2 Rc8 29. Ke3 f6 30. f4 Rc2 31. Rb2 Rc1 32. Rd2 Kf7 33. Bb2 Rh1 34. h3 Rb1
35. Bd4 Re1+ 36. Kf2 Rc1 37. g4 g5 38. f5 exf5 39. gxf5 Bb3 40. Be3 Rc2 41. Kf3
Rc3 42. Rd7+ Ke8 43. Rd6 Ke7 44. Rb6 Bd5+ 45. Ke2 Bc6 46. Bd4 Rc4 47. Kd3 Kd7
48. Ra6 Kc7 49. a4 Rb4 50. Kc3 Rc4+ 51. Kd3 Rb4 52. Kc3 Rb1 53. Ra7+ Kd6 54.
axb5 Rxb5 55. Rf7 Rxf5 56. Rxf6+ Rxf6 57. Bxf6 Ke6 58. Bg7 h5 59. Kd4 h4 60. Ke3
Bg2 61. Kf2 Bxh3 62. Bh6 Kf5 63. Bf8 Ke6 64. Bh6 Kf6 65. Bf8 Bd7 66. Bd6 Ke6 67.
Bc7 Bc6 68. Bd8 Kf5 69. Be7 Kg4 70. Bd8 Ba8 1/2-1/2

[Event "Rilton Cup 2013-14"]
[Site "Stockholm SWE"]
[Date "2014.01.02"]
[Round "6.13"]
[White "Nielsen, Rogvi Egilstoft"]
[Black "Smirnov, Artem"]
[Result "0-1"]
[BlackTitle "IM"]
[WhiteElo "2252"]
[BlackElo "2418"]
[WhiteFideId "7200447"]
[BlackFideId "4143256"]
[EventDate "2013.12.27"]

1. e4 c5 2. c3 Nf6 3. e5 Nd5 4. d4 cxd4 5. cxd4 d6 6. Nf3 Nc6 7. Bc4 Nb6 8. Bb5
Bd7 9. Nc3 d5 10. a4 e6 11. a5 Nc8 12. a6 bxa6 13. Bxa6 Be7 14. O-O O-O 15. Qe2
Rb8 16. Be3 f5 17. exf6 Bxf6 18. Bb5 N8e7 19. Bf4 Rb6 20. Rfd1 Ng6 21. Bg3 a5
22. Bxc6 Rxc6 23. Na4 h5 24. h3 h4 25. Bh2 Be7 26. b3 Bb4 27. Rac1 Qf6 28. Rxc6
Bxc6 29. Rc1 Bxa4 30. bxa4 Qf5 31. Qc2 Qe4 32. Kf1 Ba3 33. Qxe4 dxe4 34. Ra1 Bb4
35. Ng5 e3 36. f3 Rc8 37. Ra2 Bd2 38. Ke2 Ne7 39. Rb2 Nd5 40. Ne4 Nc3+ 41. Nxc3
Rxc3 42. Bf4 Ra3 43. Rb8+ Kf7 44. Rb7+ Kg6 45. Rb5 Ra2 46. Bxe3 Bc1+ 47. Kd3
Ra3+ 48. Kc4 Bxe3 49. Rxa5 Bd2 50. Ra6 Kf5 51. Rb6 Rc3+ 52. Kb5 Rb3+ 53. Kc6
Rxb6+ 54. Kxb6 Be3 55. Kc5 e5 56. Kc4 Bxd4 0-1

[Event "Rilton Cup 2013-14"]
[Site "Stockholm SWE"]
[Date "2014.01.02"]
[Round "6.14"]
[White "Bejtovic, Jasmin"]
[Black "Ramondino, Renzo"]
[Result "1-0"]
[WhiteTitle "IM"]
[BlackTitle "FM"]
[WhiteElo "2402"]
[BlackElo "2242"]
[WhiteFideId "14400936"]
[BlackFideId "810304"]
[EventDate "2013.12.27"]

1. c4 Nf6 2. g3 g6 3. Nc3 Bg7 4. Bg2 O-O 5. e4 d6 6. Nge2 c5 7. O-O Nc6 8. d3 a6
9. h3 Rb8 10. a4 Ne8 11. Be3 Nc7 12. d4 cxd4 13. Nxd4 Ne6 14. Nde2 Nc5 15. b3
Bd7 16. Rb1 Nb4 17. Qd2 b5 18. Rfd1 Qc8 19. axb5 axb5 20. cxb5 Bxb5 21. Nxb5
Rxb5 22. Nd4 Rb8 23. Bh6 Bxh6 24. Qxh6 e5 25. Nf3 Nxe4 26. Rbc1 Qe6 27. Re1 Nf6
28. Ng5 Qxb3 29. Rb1 Qa2 30. Ra1 Qb2 31. Ra7 Qd4 32. Ne6 1-0

[Event "Rilton Cup 2013-14"]
[Site "Stockholm SWE"]
[Date "2014.01.02"]
[Round "6.15"]
[White "Blomqvist, Erik"]
[Black "Lindgren, Philip"]
[Result "1-0"]
[WhiteTitle "GM"]
[BlackTitle "FM"]
[WhiteElo "2519"]
[BlackElo "2301"]
[WhiteFideId "1709437"]
[BlackFideId "1713230"]
[EventDate "2013.12.27"]

1. Nf3 Nf6 2. c4 c6 3. g3 d5 4. Bg2 dxc4 5. O-O Nbd7 6. Na3 Nb6 7. Qc2 Be6 8. b3
cxb3 9. axb3 g6 10. Nc4 Bg7 11. Bb2 O-O 12. Na5 Bc8 13. e4 Ne8 14. d4 Nc7 15.
Rfd1 Rb8 16. Ne5 Bd7 17. d5 cxd5 18. exd5 Bf5 19. Qc5 Qd6 20. Qd4 e6 21. g4 Nb5
22. Qf4 f6 23. Nd3 Bxd3 24. Qxd6 Nxd6 25. dxe6 Rfe8 26. Rxd3 Rxe6 27. Rad1 Bf8
28. Bd4 Rbe8 29. Kf1 Nb5 30. Be3 Bb4 31. Nxb7 Kg7 32. Rc1 R8e7 33. Nd8 Rd6 34.
Rxd6 Bxd6 35. h4 Be5 36. Nc6 Rc7 37. Rc5 Nc3 38. f4 Nd7 39. fxe5 Nxc5 40. exf6+
Kxf6 41. Bxc5 Ke6 42. Bxa7 Rf7+ 43. Ke1 Kd6 44. b4 Nd5 45. b5 Rb7 46. Bf1 Nc3
47. Bb8+ Kc5 48. Bg3 Nxb5 49. Ne5 Nc3 50. Nd3+ Kc4 51. Nf4+ Kd4 52. Bf2+ Ke5 53.
Nd3+ Kd6 54. Bg2 Re7+ 55. Kf1 Ne4 56. Be1 Rf7+ 57. Ke2 Nf6 58. Bf3 Ra7 59. g5
Ra2+ 60. Ke3 Nh5 61. Bxh5 gxh5 62. Ke4 Ke6 63. Nf4+ Kf7 64. Kf5 Ra1 65. Bf2 Ra2
66. Bg3 Ra5+ 67. Ke4 Ra4+ 68. Kf3 h6 69. gxh6 Ra5 70. Nd3 Kg6 71. Bf4 Ra3 72.
Ke4 Ra4+ 73. Ke3 Ra7 74. Bg5 Kf5 75. Nf4 Ra3+ 76. Kd4 Ra4+ 77. Kd5 Ra6 78. Nxh5
Kg6 79. Nf4+ Kh7 80. Ke5 Ra5+ 81. Kf6 Ra6+ 82. Kf5 Ra5+ 83. Kg4 Ra4 84. Kh5 Ra5
85. Ne6 Ra8 86. Bf6 Kg8 87. Kg6 Ra7 88. Bg7 Ra6 89. h7# 1-0

[Event "Rilton Cup 2013-14"]
[Site "Stockholm SWE"]
[Date "2014.01.02"]
[Round "6.16"]
[White "Lauber, Arnd"]
[Black "Hammar, Bengt"]
[Result "1-0"]
[WhiteTitle "IM"]
[BlackTitle "FM"]
[WhiteElo "2448"]
[BlackElo "2234"]
[WhiteFideId "4632630"]
[BlackFideId "1700391"]
[EventDate "2013.12.27"]

1. d4 Nf6 2. c4 g6 3. Nc3 d5 4. cxd5 Nxd5 5. Bd2 Bg7 6. e4 Nxc3 7. Bxc3 O-O 8.
Bc4 b6 9. Ne2 Bb7 10. Qd3 Nd7 11. f4 e6 12. O-O c5 13. d5 exd5 14. exd5 Nf6 15.
d6 a6 16. a4 Qd7 17. Ng3 Qc6 18. Rf2 Ng4 19. Rd2 Bxc3 20. Qxc3 Rad8 21. h3 Nh6
22. Qf6 Qd7 23. Re1 b5 24. Nh5 gxh5 25. Re5 1-0

[Event "Rilton Cup 2013-14"]
[Site "Stockholm SWE"]
[Date "2014.01.02"]
[Round "6.17"]
[White "Lissang, Christopher"]
[Black "Yagupov, Igor"]
[Result "1-0"]
[BlackTitle "GM"]
[WhiteElo "2240"]
[BlackElo "2427"]
[WhiteFideId "1709615"]
[BlackFideId "4113632"]
[EventDate "2013.12.27"]

1. e4 c5 2. Nf3 Nc6 3. Bb5 Nf6 4. Nc3 Qc7 5. O-O Nd4 6. Re1 a6 7. Bf1 Ng4 8. g3
Nxf3+ 9. Qxf3 Ne5 10. Qe2 e6 11. d3 Be7 12. Be3 O-O 13. Bg2 d6 14. f4 Nc6 15.
Qf2 b6 16. Ne2 Bb7 17. c3 d5 18. exd5 exd5 19. d4 Na5 20. Rad1 c4 21. f5 Rad8
22. Nf4 Qd7 23. Nh5 g6 24. f6 Bd6 25. Ng7 Qg4 26. Bf3 Qh3 27. Bg2 Qg4 28. Bh6
Bc6 29. Qf1 Qc8 30. Re7 Qb8 31. Ne6 Bxe7 32. fxe7 fxe6 33. exf8=Q+ Rxf8 34. Bxf8
Qxf8 35. Bh3 Bd7 36. Qe2 Qd6 37. Re1 Kf7 38. Qe3 Nc6 39. Qh6 Kg8 40. Rf1 Qe7 41.
Qe3 b5 42. Re1 Nd8 43. Qe5 Nf7 44. Bxe6 Bxe6 45. Qxe6 Qg5 46. Rf1 1-0

[Event "Rilton Cup 2013-14"]
[Site "Stockholm SWE"]
[Date "2014.01.02"]
[Round "6.18"]
[White "Zadruzny, Nicolaj"]
[Black "Sjodahl, Pontus"]
[Result "0-1"]
[BlackTitle "IM"]
[WhiteElo "2251"]
[BlackElo "2420"]
[WhiteFideId "1709550"]
[BlackFideId "1700537"]
[EventDate "2013.12.27"]

1. d4 Nf6 2. Nc3 d5 3. Bg5 Nbd7 4. Qd3 h6 5. Bh4 c6 6. f3 e5 7. e3 Bd6 8. Nge2
O-O 9. Bf2 Re8 10. O-O-O b5 11. Ng3 b4 12. Nce2 c5 13. dxc5 Bxc5 14. Qd2 a5 15.
Kb1 a4 16. Nc1 Qb6 17. Bd3 e4 18. Be2 Ne5 19. b3 Be6 20. f4 Nc6 21. Nh5 Ng4 22.
Qe1 axb3 23. cxb3 Bxe3 24. Bxe3 Nxe3 25. Qg3 Nf5 26. Qe1 d4 0-1

[Event "Rilton Cup 2013-14"]
[Site "Stockholm SWE"]
[Date "2014.01.02"]
[Round "6.19"]
[White "Ask, Josef"]
[Black "Tsyhanchuk, Stanislav"]
[Result "0-1"]
[BlackTitle "IM"]
[WhiteElo "2209"]
[BlackElo "2398"]
[WhiteFideId "1704583"]
[BlackFideId "13505130"]
[EventDate "2013.12.27"]

1. e4 c5 2. d4 cxd4 3. c3 Nf6 4. e5 Nd5 5. Nf3 e6 6. cxd4 Nc6 7. a3 d6 8. Bd3
dxe5 9. dxe5 Qc7 10. O-O Nxe5 11. Nxe5 Qxe5 12. Bb5+ Bd7 13. Bxd7+ Kxd7 14. Nc3
Bd6 15. g3 Nxc3 16. bxc3 Qd5 17. Qg4 h5 18. Qxg7 h4 19. Qxf7+ Kc6 20. Rb1 b6 21.
Be3 hxg3 22. fxg3 Rxh2 23. Kxh2 Rh8+ 24. Kg1 Rh1+ 25. Kf2 Rh2+ 26. Ke1 Bxg3+ 27.
Rf2 Bxf2+ 28. Bxf2 Rh1+ 29. Ke2 Rxb1 0-1

[Event "Rilton Cup 2013-14"]
[Site "Stockholm SWE"]
[Date "2014.01.02"]
[Round "6.20"]
[White "Ornstein, Axel"]
[Black "Von Bahr, Oskar"]
[Result "1/2-1/2"]
[WhiteTitle "IM"]
[BlackTitle "FM"]
[WhiteElo "2334"]
[BlackElo "2298"]
[WhiteFideId "1700111"]
[BlackFideId "1703250"]
[EventDate "2013.12.27"]

1. d4 Nf6 2. c4 g6 3. g3 Bg7 4. Bg2 d5 5. cxd5 Nxd5 6. Nf3 Nb6 7. Nc3 Nc6 8. e3
O-O 9. O-O Re8 10. Re1 a5 11. b3 e5 12. Nxe5 Nxe5 13. dxe5 Qxd1 14. Rxd1 Bxe5
15. Bb2 c6 16. Rd2 Bf5 17. Rad1 Bg7 18. Ne2 Bxb2 19. Rxb2 Red8 20. Rxd8+ Rxd8
21. Nd4 Bd7 22. Rc2 Kf8 23. Kf1 Ke7 24. Ke1 Ra8 25. Kd2 Kd6 26. f4 f6 27. e4 Re8
28. Rc3 c5 29. Ne2 Bc6 30. Rd3+ Kc7 31. Nc3 a4 32. Re3 axb3 33. axb3 Nc8 34. Bf1
Nd6 35. Bd3 Re7 36. h4 b5 37. e5 fxe5 38. Rxe5 Rxe5 39. fxe5 Nf5 40. Nxb5+ Bxb5
41. Bxb5 Nxg3 42. Kd3 Nf5 43. Kc4 Kb6 44. Bd7 Nxh4 45. Kd5 g5 46. Bg4 Ng6 47.
Kd6 Nxe5 48. Kxe5 1/2-1/2

[Event "Rilton Cup 2013-14"]
[Site "Stockholm SWE"]
[Date "2014.01.02"]
[Round "6.21"]
[White "Englert, Fabian"]
[Black "Krantz, Christopher"]
[Result "1-0"]
[WhiteElo "2316"]
[BlackElo "2233"]
[WhiteFideId "24614467"]
[BlackFideId "1707876"]
[EventDate "2013.12.27"]

1. d4 d5 2. Nf3 Nf6 3. c4 c6 4. Nc3 a6 5. c5 Bf5 6. Bf4 e6 7. h3 h6 8. e3 Nbd7
9. Be2 Be7 10. O-O O-O 11. b4 Qc8 12. a4 Bd8 13. b5 Bc7 14. bxc6 bxc6 15. Bxc7
Qxc7 16. a5 e5 17. Na4 e4 18. Ne1 Rfe8 19. Nc2 Ra7 20. Qd2 Nh7 21. Rfb1 Qd8 22.
Rb6 Re6 23. Rxa6 Rxa6 24. Bxa6 Qh4 25. Kf1 Bxh3 26. Ke1 Bxg2 27. Kd1 Rf6 28. Kc1
Rxf2 29. Qc3 Nb8 30. Bc8 Bf1 31. Kb2 Bd3 32. Rc1 Ng5 33. Ka3 Nf3 34. Nb4 Bb5 35.
a6 Qe7 36. Bb7 Nd2 37. Nb6 Nc4+ 38. Nxc4 dxc4 39. Qe1 Rf6 40. Kb2 c3+ 41. Kxc3
Nxa6 42. Bxa6 Bxa6 43. Nxa6 g5 44. Nb4 h5 45. Ra1 h4 46. Qg1 Rg6 47. Qg4 Qe6 48.
Qxe6 Rxe6 49. d5 cxd5 50. c6 1-0